| 000 | 01449cam a22004215a 4500 | ||
|---|---|---|---|
| 001 | 15596954 | ||
| 003 | EG-ScBUE | ||
| 005 | 20220911101838.0 | ||
| 008 | 090123t2010 gw ab f bd 001 0 eng d | ||
| 020 | _a3833160020 | ||
| 020 | _a9783833160028 | ||
| 035 | _a(OCoLC)ocn289095702 | ||
| 040 |
_aNLGGC _beng _erda _cCNCCA _dEG-ScBUE |
||
| 041 | 1 |
_aeng _hger |
|
| 043 | _ae------ | ||
| 082 | 0 | 4 |
_a709.1767 _bISL _222 |
| 240 | 1 | 0 |
_aKunst und Architektur. _lEnglish |
| 245 | 0 | 0 |
_aIslam : _bart and architecture / _cedited by Markus Hattstein and Peter Delius. |
| 264 | 1 |
_a[Berlin] : _bAmerican University in Cairo Press, _c[2010] |
|
| 264 | 4 | _cc2010 | |
| 300 |
_a623 pages : _billustrations (chiefly color), maps ; _c30 cm |
||
| 336 |
_2rdacontent _atext _btxt |
||
| 337 |
_2rdamedia _aunmediated _bn |
||
| 338 |
_2rdacarrier _avolume _bnc |
||
| 500 | _aIncludes glossary. | ||
| 504 | _aIncludes bibliographical references and index. | ||
| 546 | _aText in English ; translated from the original German. | ||
| 590 | _aMohamed Hussein | ||
| 650 | 7 |
_aMosques _xHistory _zEurope _y20th century. _2BUEsh _95838 |
|
| 650 | 7 |
_aMosquew _xHistory _zEurope _y21st century. _2BUEsh _95839 |
|
| 650 | 7 |
_aIslamic architecture _zEurope. _95840 _2BUEsh |
|
| 651 | _2BUEsh | ||
| 653 |
_bARALIT _cAugust2015 |
||
| 655 |
_vReading book _934232 |
||
| 700 | 1 |
_aHattstein, Markus, _eeditor _92611 |
|
| 700 | 1 |
_aDelius, Peter, _eeditor. _92612 |
|
| 942 |
_2ddc _cBB |
||
| 999 |
_c11749 _d11749 |
||